[Event "Flint (MI Jr/5/23)"]
[Site "?"]
[Date "1996.??.??"]
[Round "?"]
[White "Pleasant, Andrew"]
[Black "Black, Jesse"]
[Result "0-1"]
[WhiteElo "1605"]
[BlackElo "1605"]
[PlyCount "141"]
[EventDate "1996.??.??"]

{5/(23)} 1. e4 c6 2. Nf3 d5 3. exd5 cxd5 4. Bb5+ Bd7 5. Nc3 e6 6. O-O Nf6 7. d4
h6 8. Bf4 a6 9. Bxd7+ Nbxd7 10. Ne2 Be7 11. Ne5 O-O 12. c3 Bd6 13. Ng3 Qc7 14.
Re1 Rad8 15. Nh5 Nxh5 16. Qxh5 Nf6 17. Qh4 Qb6 18. Rab1 Rfe8 19. h3 Bf8 20. Re2
g5 21. Bxg5 hxg5 22. Qxg5+ Bg7 23. Re3 Ne4 24. Qg4 Kf8 25. Rf3 Re7 26. Ng6+ Ke8
27. Nxe7 Bf8 28. Nxd5 exd5 29. Re1 Qxb2 30. h4 Qd2 31. Kf1 Rd7 32. h5 Kd8 33.
Qh4+ Re7 34. Rxf7 Ng3+ 35. Kg1 Qxe1+ 36. Kh2 Ke8 37. Rxe7+ Qxe7 38. Qxg3 Bg7
39. f4 Bh6 40. Qg8+ Bf8 41. g3 b5 42. Kh3 Qd7+ 43. g4 Qc6 44. Qg6+ Qxg6 45.
hxg6 Bg7 46. g5 a5 47. f5 Ke7 48. f6+ Bxf6 49. gxf6+ Kxf6 50. g7 Kxg7 51. Kg4
Kf6 52. Kf4 Ke6 53. Ke3 Kd6 54. Kd3 Kc6 55. Kc2 b4 56. Kb3 Kb5 57. a4+ Kc6 58.
cxb4 axb4 59. Kxb4 Kd6 60. Kb5 Kd7 61. Kb6 Ke6 62. a5 Kf5 63. a6 Ke4 64. a7
Kxd4 65. a8=Q Kc4 66. Qa4+ Kd3 67. Kc5 Kc3 68. Kxd5 Kb2 69. Kd4 Kc1 70. Kc3 Kb1
71. Qc2+ 0-1

[Event "Detroit (Class C/4/1)"]
[Site "?"]
[Date "1996.??.??"]
[Round "?"]
[White "Piasecki, Vince"]
[Black "Marson, Michael"]
[Result "0-1"]
[WhiteElo "1605"]
[BlackElo "1605"]
[PlyCount "66"]
[EventDate "1996.??.??"]

{4/(1)} 1. c4 Nf6 2. g3 e5 3. Nc3 c6 4. Bg2 d5 5. cxd5 cxd5 6. e3 Nc6 7. Nge2
Be7 8. d3 O-O 9. O-O Bg4 10. Rb1 Qd7 11. a3 Bh3 12. f3 Rfe8 13. b4 Bxg2 14.
Kxg2 d4 15. Ne4 Nxe4 16. dxe4 a6 17. Qb3 b5 18. Rd1 Red8 19. Nc3 Qe6 20. Nd5
Bf6 21. Bb2 dxe3 22. Qxe3 Ne7 23. Nc7 Rxd1 24. Rxd1 Qc6 25. Nxa8 Qxa8 26. Qa7
Qc8 27. Qxa6 Qc2+ 28. Kh3 Qxd1 29. Qa8+ Nc8 30. Qxc8+ Bd8 31. Bxe5 Qd2 32. f4
Qd1 33. Qg4 Qf1# 0-1

[Event "Detroit (Class C/1/12)"]
[Site "?"]
[Date "1996.??.??"]
[Round "?"]
[White "Piasecki, Vince"]
[Black "Gibbs, Tony"]
[Result "1-0"]
[WhiteElo "1605"]
[BlackElo "1605"]
[PlyCount "53"]
[EventDate "1996.??.??"]

{1/(12)} 1. c4 e5 2. Nc3 Nf6 3. g3 d5 4. cxd5 Nxd5 5. Bg2 Nxc3 6. bxc3 Nc6 7.
e3 Qf6 8. Ne2 Bf5 9. O-O e4 10. Qa4 Qe5 11. Nd4 Bd7 12. Qc2 f5 13. d3 exd3 14.
Qxd3 O-O-O 15. Rb1 Bc5 16. Qb5 Bb6 17. Bxc6 Qxb5 18. Bxb5 c6 19. Bc4 Rde8 20.
Ba3 Re4 21. Bd3 Re5 22. Bd6 Rd5 23. Bf4 c5 24. Bc4 cxd4 25. Bxd5 dxc3 26. Rfc1
Ba5 27. Rxb7 1-0

[Event "Kalamazoo (Swiss/3/4)"]
[Site "?"]
[Date "1996.??.??"]
[Round "?"]
[White "Phillips, T."]
[Black "Stoughton, J."]
[Result "0-1"]
[WhiteElo "1605"]
[BlackElo "1700"]
[PlyCount "72"]
[EventDate "1996.??.??"]

{3/(4)} 1. b4 Nf6 2. Bb2 b6 3. e3 Bb7 4. f4 e6 5. a3 Be7 6. Nf3 O-O 7. Bd3 d6
8. h4 Nbd7 9. Bxf6 Nxf6 10. Nc3 h6 11. e4 d5 12. e5 Ne4 13. g4 c5 14. Qe2 Ng3
15. Qh2 Nxh1 16. h5 f5 17. gxf5 exf5 18. O-O-O d4 19. Qg2 dxc3 20. Rg1 cxd2+
21. Kxd2 g5 22. hxg6 Kg7 23. Rxh1 Rh8 24. Kc1 Qd5 25. Be2 cxb4 26. Qh3 Qe4 27.
Nh4 Qxf4+ 28. Kb1 Raf8 29. Nxf5+ Qxf5 30. Bg4 Qe4 31. Rd1 Rd8 32. Qf1 Rxd1+ 33.
Bxd1 Rf8 34. Qh3 Bg5 35. Qb3 Bf4 36. axb4 Qf5 0-1

[Event "Kalamazoo (Swiss/5/4)"]
[Site "?"]
[Date "1996.??.??"]
[Round "?"]
[White "Phillips, T."]
[Black "Moore, Robert"]
[Result "1-0"]
[WhiteElo "1605"]
[BlackElo "1700"]
[PlyCount "25"]
[EventDate "1996.??.??"]

{5/(4)} 1. b4 d6 2. Bb2 Nf6 3. f4 e6 4. Nf3 Be7 5. e3 O-O 6. Bd3 d5 7. h4 Ne4
8. Bxe4 dxe4 9. Ng5 h6 10. Qh5 Bf6 11. Bxf6 Qxf6 12. Nc3 hxg5 13. hxg5 1-0

[Event "Kalamazoo (Swiss/1/11)"]
[Site "?"]
[Date "1996.??.??"]
[Round "?"]
[White "Phillips, T."]
[Black "Engstrom, Nate"]
[Result "1-0"]
[WhiteElo "1605"]
[BlackElo "1605"]
[PlyCount "73"]
[EventDate "1996.??.??"]

{1/(11)} 1. b4 g6 2. Bb2 Nf6 3. e3 Bg7 4. f4 d6 5. Nf3 O-O 6. Be2 a6 7. O-O Nc6
8. a3 Bf5 9. Nd4 Nxd4 10. Bxd4 Qd7 11. Bf3 Rab8 12. Nc3 Bg4 13. Bxg4 Qxg4 14.
Qxg4 Nxg4 15. Bxg7 Kxg7 16. h3 Nf6 17. g4 e6 18. g5 Nh5 19. Kg2 f6 20. Ne4 d5
21. Nc5 Rf7 22. Nxe6+ Kg8 23. f5 Re7 24. gxf6 Nxf6 25. Nd4 Kg7 26. Kh2 Kf7 27.
Rg1 Re4 28. Rg2 c6 29. fxg6+ hxg6 30. Rag1 Rg8 31. Ne2 Rh4 32. Nf4 Rh6 33. d3
Nd7 34. e4 Ne5 35. Rf1 Rg7 36. exd5 cxd5 37. Nxd5+ 1-0

[Event "Kalamazoo (MI Am/2/21)"]
[Site "?"]
[Date "1996.??.??"]
[Round "?"]
[White "Phalen, Michael"]
[Black "Van Den Abell, Tom"]
[Result "1-0"]
[WhiteElo "1605"]
[BlackElo "1605"]
[PlyCount "57"]
[EventDate "1996.??.??"]

{2/(21)} 1. d4 Nf6 2. c4 e6 3. Nc3 d5 4. Bg5 Nc6 5. a3 a6 6. Nf3 dxc4 7. e4 Be7
8. Bxc4 b5 9. Ba2 h6 10. Bh4 Bb7 11. O-O O-O 12. Qd3 e5 13. Bb1 Bd6 14. Nd5 g5
15. Nxg5 Nxd4 16. Nh7 Kxh7 17. Nxf6+ Qxf6 18. Bxf6 Rae8 19. Rd1 Rg8 20. Qe3 c5
21. f4 Nc6 22. Rxd6 Rg6 23. fxe5 Nxe5 24. Bxe5 Rxe5 25. Rxg6 Kxg6 26. Qg3+ Kf6
27. Qf4+ Ke6 28. Ba2+ Kd6 29. Rd1+ 1-0

[Event "Kalamazoo (MI Am/4/23)"]
[Site "?"]
[Date "1996.??.??"]
[Round "?"]
[White "Phalen, Michael"]
[Black "Miller, Doug"]
[Result "1-0"]
[WhiteElo "1605"]
[BlackElo "1605"]
[PlyCount "139"]
[EventDate "1996.??.??"]

{4/(23)} 1. d4 Nf6 2. c4 c5 3. Nf3 cxd4 4. Nxd4 e5 5. Nc2 Nc6 6. Nc3 Bc5 7. Bg5
O-O 8. e4 h6 9. Bh4 Be7 10. Be2 Qb6 11. Bxf6 Bxf6 12. Nd5 Qd8 13. O-O Bg5 14.
f4 exf4 15. Nxf4 Qb6+ 16. Kh1 Bxf4 17. Rxf4 Qxb2 18. Rg4 Nb4 19. Nxb4 Qxb4 20.
Qc1 Kh8 21. Rb1 Qe7 22. Rb5 d6 23. Rg3 Qxe4 24. Rh5 Qe6 25. Rgh3 Kh7 26. Bd3+
f5 27. Rf3 Bd7 28. Rhxf5 Kg8 29. c5 Bc6 30. Re3 Qc8 31. Rh5 Qg4 32. Qc4+ Qxc4
33. Bxc4+ d5 34. Bd3 Rf2 35. a3 Re8 36. Rxe8+ Bxe8 37. Rxd5 Rd2 38. Bc4 Rc2 39.
Rd4+ Kh8 40. h3 g5 41. Bd3 Rxc5 42. Rd8 Re5 43. Bg6 Kg7 44. Bxe8 Kf6 45. g4 Re3
46. Kg2 Rxa3 47. Bb5 a6 48. Bc4 b5 49. Bg8 b4 50. Rb8 a5 51. Bc4 a4 52. Rxb4
Ra1 53. Rb6+ Kg7 54. Ra6 a3 55. Kf3 Rh1 56. Kg2 Ra1 57. Kf2 Rc1 58. Bb3 Ra1 59.
Be6 Kf6 60. Ke2 Kg7 61. Kd2 a2 62. Rxa2 Rxa2+ 63. Bxa2 Kf6 64. Ke3 Ke5 65. Bb3
Kf6 66. Ke4 Kg6 67. Ke5 h5 68. Bc2+ Kh6 69. Kf5 hxg4 70. hxg4 1-0

[Event "Detroit (Beg/2/2)"]
[Site "?"]
[Date "1996.??.??"]
[Round "?"]
[White "Perkowski, R."]
[Black "Wood, C."]
[Result "0-1"]
[WhiteElo "1605"]
[BlackElo "1605"]
[PlyCount "32"]
[EventDate "1996.??.??"]

{2/(2)} 1. e4 c5 2. Nc3 d6 3. g3 Nc6 4. Bg2 g6 5. f4 Bg7 6. d3 Be6 7. Nf3 Qd7
8. h3 Nf6 9. O-O Bxh3 10. e5 Bxg2 11. Kxg2 dxe5 12. fxe5 Ng4 13. Ng5 O-O 14.
Qe2 Ncxe5 15. Rf4 Qc6+ 16. Kh3 Qh1+ 0-1

[Event "Detroit (Beg/5/8)"]
[Site "?"]
[Date "1996.??.??"]
[Round "?"]
[White "Perkowski, R."]
[Black "Musulin, A."]
[Result "1-0"]
[WhiteElo "1605"]
[BlackElo "1605"]
[PlyCount "37"]
[EventDate "1996.??.??"]

{5/(8)} 1. e4 e5 2. Nf3 d6 3. d4 Nc6 4. Nc3 Nf6 5. Bc4 Bg4 6. Nd5 Nxe4 7. Be3
Na5 8. Qd3 f6 9. b3 Nc6 10. Qxe4 Bxf3 11. Qxf3 exd4 12. Qe4+ Ne5 13. Qxd4 Ng6
14. Qe4+ Be7 15. O-O f5 16. Qxf5 Nh4 17. Qe4 O-O 18. Nf6+ Kh8 19. Qxh7# 1-0

[Event "Detroit (Beg/4/5)"]
[Site "?"]
[Date "1996.??.??"]
[Round "?"]
[White "Perkowski, R."]
[Black "Berry, DeMarcus"]
[Result "0-1"]
[WhiteElo "1605"]
[BlackElo "1605"]
[PlyCount "84"]
[EventDate "1996.??.??"]

{4/(5)} 1. e4 c6 2. Nc3 d5 3. exd5 cxd5 4. Bb5+ Nc6 5. d4 Nf6 6. Nf3 Bg4 7. O-O
e6 8. h3 Bxf3 9. Qxf3 Bd6 10. Bf4 Bxf4 11. Qxf4 O-O 12. Bd3 Qb6 13. Ne2 Qxb2
14. Rab1 Qa3 15. c3 Qe7 16. Qh4 b6 17. Nf4 g6 18. Qg5 e5 19. Rfe1 Qd8 20. Bb5
exf4 21. Bxc6 Rc8 22. Bb5 Rxc3 23. Rbc1 Rxc1 24. Rxc1 Ne4 25. Qxf4 Nd6 26. Rb1
Nxb5 27. Rxb5 Qe8 28. Rxd5 Qe1+ 29. Kh2 Re8 30. Re5 Rxe5 31. dxe5 a5 32. a4 Qb4
33. Qe3 Qxa4 34. Qxb6 Qf4+ 35. g3 Qxe5 36. f4 Qe2+ 37. Kg1 Qd1+ 38. Kf2 Qd2+
39. Kf3 a4 40. Qa7 Qc3+ 41. Kg4 h5+ 42. Kh4 Qf6# 0-1

[Event "Ann Arbor (Ann Arbor Open, Open/4)"]
[Site "?"]
[Date "1996.??.??"]
[Round "?"]
[White "Pence, Mark"]
[Black "Marson, Michael"]
[Result "1-0"]
[WhiteElo "2065"]
[BlackElo "1655"]
[PlyCount "77"]
[EventDate "1996.??.??"]

1. d4 Nf6 2. c4 e6 3. Nc3 Bb4 4. Qc2 c5 5. e3 cxd4 6. exd4 d5 7. Nf3 Nc6 8. a3
Bd6 9. c5 Bc7 10. Bd3 O-O 11. Bg5 h6 12. Bh4 g5 13. Qd2 Bf4 14. Qd1 gxh4 15. g3
hxg3 16. hxg3 Bg5 17. Nxg5 hxg5 18. Qd2 Ne4 19. Bxe4 dxe4 20. O-O-O Nxd4 21.
Qxd4 Qxd4 22. Rxd4 f5 23. Rh5 g4 24. Nb5 Kg7 25. Rh1 a6 26. Nd6 Rh8 27. Rxh8
Kxh8 28. Kd2 Kg7 29. Ke3 Kf6 30. Nc4 Ke7 31. Nb6 Rb8 32. Kf4 e5+ 33. Kxe5 Be6
34. Nd5+ Bxd5 35. Rxd5 Rf8 36. Kf4 Ke6 37. Re5+ Kd7 38. Rxf5 e3 39. fxe3 1-0

[Event "Ann Arbor (Ann Arbor Open, Open/2)"]
[Site "?"]
[Date "1996.??.??"]
[Round "?"]
[White "Pence, Mark"]
[Black "Cole, C."]
[Result "0-1"]
[WhiteElo "2065"]
[BlackElo "2100"]
[PlyCount "124"]
[EventDate "1996.??.??"]

1. d4 f5 2. e4 fxe4 3. Nc3 Nf6 4. Bg5 e6 5. Nxe4 Be7 6. Bxf6 Bxf6 7. Qh5+ g6 8.
Qh6 Qe7 9. Nxf6+ Qxf6 10. O-O-O d6 11. Nf3 Nc6 12. Bc4 Bd7 13. Rhe1 O-O-O 14.
Qe3 Rde8 15. Ng5 e5 16. d5 Nb8 17. g3 b6 18. Ne4 Qf7 19. Qc3 Kb7 20. Re3 Rhf8
21. b4 Re7 22. b5 h6 23. Rd2 Bf5 24. f3 Bxe4 25. fxe4 Nd7 26. a4 g5 27. Qb4 Nc5
28. Kb2 Qh5 29. a5 Ref7 30. Ra3 Rf2 31. Bd3 Qxh2 32. Rxf2 Rxf2 33. Qc3 Qxg3 34.
Qc4 Qe3 35. axb6 axb6 36. Bf1 Qxe4 37. Qxe4 Nxe4 38. Bh3 Nc5 39. Bg4 Rf4 40.
Bh5 Rb4+ 41. Kc1 Rxb5 42. Be8 Ra5 43. Bc6+ Kc8 44. Rh3 Kd8 45. Rxh6 Ke7 46. Rg6
Ra1+ 47. Kb2 Rg1 48. Rg7+ Kf6 49. Rxc7 g4 50. Rc8 g3 51. Rg8 Kf5 52. Be8 Ke4
53. Bf7 Kf3 54. Be6 Kf2 55. Rf8+ Ke2 56. Bg4+ Ke1 57. Re8 Rf1 58. Rxe5+ Kf2 59.
Re2+ Kg1 60. Re3 g2 61. Kc3 b5 62. Kd4 Rf4+ 0-1

[Event "Detroit (MEX/2/5)"]
[Site "?"]
[Date "1996.??.??"]
[Round "?"]
[White "Pence, Mark"]
[Black "Brooks, John"]
[Result "0-1"]
[WhiteElo "2065"]
[BlackElo "2200"]
[PlyCount "88"]
[EventDate "1996.??.??"]

{2/(5)} 1. d4 Nf6 2. c4 e6 3. Nc3 Bb4 4. Qc2 c5 5. Nf3 cxd4 6. Nxd4 O-O 7. e3
d5 8. cxd5 exd5 9. Bd3 Nc6 10. Nxc6 bxc6 11. O-O c5 12. a3 Ba5 13. Rd1 Be6 14.
e4 d4 15. e5 c4 16. Bxc4 Bxc4 17. exf6 Qxf6 18. Ne4 Qe6 19. Nc5 Qd5 20. b3 Bc3
21. Qxc3 dxc3 22. Rxd5 Bxd5 23. Be3 Rfc8 24. Rc1 c2 25. b4 a5 26. b5 a4 27.
Rxc2 Rab8 28. Rb2 Bb3 29. Rb1 Rxb5 30. Rc1 Rd8 31. h3 Rd1+ 32. Rxd1 Bxd1 33.
Kh2 Rb1 34. Ne4 Bc2 35. Nd2 Rb2 36. Nc4 Ra2 37. Bc5 Bb3 38. Ne5 f6 39. Nf3 Rc2
40. Bd4 Bd5 41. Kg3 Kf7 42. h4 Ke6 43. Ne1 Be4 44. Kf4 Kd5 0-1

[Event "Ann Arbor (Ann Arbor Open, Open/2)"]
[Site "?"]
[Date "1996.??.??"]
[Round "?"]
[White "Pena, E."]
[Black "Thompson, Dexter"]
[Result "0-1"]
[WhiteElo "2110"]
[BlackElo "2340"]
[PlyCount "42"]
[EventDate "1996.??.??"]

1. e4 e5 2. Nf3 Nc6 3. Bb5 a6 4. Ba4 Nf6 5. O-O Be7 6. Re1 b5 7. Bb3 O-O 8. d4
Nxd4 9. Nxe5 Nxb3 10. axb3 Bb7 11. f3 d5 12. exd5 Nxd5 13. c4 Bc5+ 14. Kh1 Nb4
15. Nd7 Bd6 16. c5 Qxd7 17. cxd6 Rfe8 18. Rf1 Qxd6 19. Qxd6 cxd6 20. Nc3 Nd3
21. Bf4 Nxf4 0-1

[Event "Ann Arbor (Ann Arbor Open, Open/4)"]
[Site "?"]
[Date "1996.??.??"]
[Round "?"]
[White "Pena, E."]
[Black "Cole, C."]
[Result "1-0"]
[WhiteElo "2110"]
[BlackElo "2100"]
[PlyCount "27"]
[EventDate "1996.??.??"]

1. e4 e5 2. Nf3 Qe7 3. Nc3 Nf6 4. Bc4 Nc6 5. d3 Nd8 6. Bg5 c6 7. O-O d6 8. d4
Bg4 9. h3 Bh5 10. Qd3 Ne6 11. dxe5 Nxg5 12. exf6 Nxf3+ 13. Qxf3 Bxf3 14. fxe7
1-0

[Event "Detroit (WCO/5/5)"]
[Site "?"]
[Date "1996.??.??"]
[Round "?"]
[White "Peiter, H."]
[Black "Martell, Raul"]
[Result "0-1"]
[WhiteElo "1770"]
[BlackElo "1605"]
[PlyCount "50"]
[EventDate "1996.??.??"]

{5/(5)} 1. e4 e5 2. Nf3 Nc6 3. Bc4 Bc5 4. c3 d6 5. d4 exd4 6. cxd4 Bb6 7. O-O
Bg4 8. Bxf7+ Kxf7 9. Ng5+ Qxg5 10. Qb3+ Be6 11. d5 Qf6 12. Be3 Na5 13. dxe6+
Qxe6 14. Qc2 Nc6 15. Bxb6 axb6 16. Nc3 Nf6 17. f4 Rhe8 18. Rae1 Kg8 19. a3 Re7
20. e5 dxe5 21. fxe5 Nxe5 22. Nb5 c6 23. Nd4 Qg4 24. Nf5 Ree8 25. Nd6 Qd4+ 0-1

[Event "Detroit (WCO/3/8)"]
[Site "?"]
[Date "1996.??.??"]
[Round "?"]
[White "Peiter, H."]
[Black "Jenkins, C."]
[Result "1-0"]
[WhiteElo "1770"]
[BlackElo "1605"]
[PlyCount "47"]
[EventDate "1996.??.??"]

{3/(8)} 1. e4 e6 2. d4 b6 3. Nc3 Bb4 4. Bd3 Bxc3+ 5. bxc3 Ne7 6. Nf3 Bb7 7. O-O
d5 8. e5 O-O 9. Bxh7+ Kxh7 10. Ng5+ Kg8 11. Qh5 Re8 12. Qxf7+ Kh8 13. Nxe6 Rg8
14. Nxd8 Rxd8 15. Qxe7 Nc6 16. Qxc7 Rab8 17. Bg5 Rdc8 18. Qf7 Nd8 19. Bxd8 Rxd8
20. f4 Ba6 21. Rf3 Bc8 22. f5 Bxf5 23. Rxf5 Kh7 24. Rh5# 1-0

[Event "Howell (US Am N/2/35)"]
[Site "?"]
[Date "1996.??.??"]
[Round "?"]
[White "Peiter, H."]
[Black "Jackson, Don"]
[Result "0-1"]
[WhiteElo "1770"]
[BlackElo "1605"]
[PlyCount "116"]
[EventDate "1996.??.??"]

{2/(35)} 1. e4 g5 2. d4 h6 3. h4 gxh4 4. Nf3 Bg7 5. Rxh4 c5 6. dxc5 Qa5+ 7. c3
Qxc5 8. Be3 Qc7 9. Na3 a6 10. Qd2 d6 11. Nc4 Nc6 12. Bb6 Qd7 13. O-O-O Qe6 14.
Nd4 Qg6 15. Nxc6 bxc6 16. Be2 Bf6 17. Rhh1 Qxe4 18. Qxd6 e6 19. Qd8+ Bxd8 20.
Rxd8+ Ke7 21. Bd3 Qf4+ 22. Kb1 Bb7 23. Rd4 Qe5 24. Na5 c5 25. Bxc5+ Qxc5 26.
Nxb7 Qb6 27. Rb4 Qxf2 28. Rf1 Qxg2 29. Nc5 Nf6 30. Rbf4 Rab8 31. b3 Qg7 32.
Rxf6 Qxf6 33. Rxf6 Kxf6 34. Nd7+ Ke7 35. Nxb8 Rxb8 36. Bxa6 f5 37. Kc2 Rd8 38.
b4 e5 39. a4 f4 40. Bb7 Kf6 41. a5 Kf5 42. a6 e4 43. a7 f3 44. Ba6 Ra8 45. Kd2
Kf4 46. b5 Rxa7 47. c4 e3+ 48. Ke1 Ke5 49. c5 Kd5 50. c6 Kc5 51. Kd1 Kb6 52.
Ke1 h5 53. Kf1 h4 54. c7 Kxc7 55. Kg1 h3 56. b6+ Kxb6 57. Bc8 Ra1+ 58. Kh2 e2
0-1

[Event "Detroit (WCO/1/6)"]
[Site "?"]
[Date "1996.??.??"]
[Round "?"]
[White "Peiter, H."]
[Black "Cunningham, Craig"]
[Result "1-0"]
[WhiteElo "1770"]
[BlackElo "1605"]
[PlyCount "63"]
[EventDate "1996.??.??"]

{1/(6)} 1. e4 e5 2. Nf3 Nf6 3. Nc3 Nc6 4. Bc4 Nxe4 5. Nxe4 d5 6. Bd3 Bg4 7. h3
dxe4 8. Bxe4 Bd7 9. O-O Bc5 10. Bxc6 Bxc6 11. Nxe5 Qf6 12. Nxc6 Qxc6 13. Re1+
Be7 14. b3 Qd6 15. Qe2 Rd8 16. a4 b6 17. a5 Rd7 18. axb6 Qxb6 19. Ra6 Qb8 20.
Bb2 O-O 21. Qg4 Bg5 22. Qxd7 Qd8 23. Qxd8 Rxd8 24. Rxa7 h6 25. d3 c6 26. g3 Rd5
27. h4 Bd8 28. h5 Bb6 29. Ra8+ Kh7 30. g4 Rg5 31. Re4 g6 32. Rh8# 1-0

[Event "Ann Arbor (Ann Arbor Open, U1400/1)"]
[Site "?"]
[Date "1996.??.??"]
[Round "?"]
[White "Pecot, Dave"]
[Black "Staal, A."]
[Result "1-0"]
[WhiteElo "1605"]
[BlackElo "1605"]
[PlyCount "67"]
[EventDate "1996.??.??"]

{1400/(1)} 1. e4 e5 2. d4 exd4 3. c3 dxc3 4. Bc4 d6 5. Qb3 Qe7 6. Nxc3 Be6 7.
Qxb7 Bxc4 8. Qxa8 Qd8 9. Qxa7 Nd7 10. Qa4 Be6 11. f4 f5 12. Nf3 Nh6 13. Ng5 Be7
14. Nxe6 Kf7 15. Nxd8+ Rxd8 16. O-O Nf6 17. Qc4+ Kf8 18. exf5 Nxf5 19. b4 Nd7
20. g4 Nh6 21. Qe6 Ng8 22. Re1 Bf6 23. Bd2 Nb6 24. g5 Bd4+ 25. Kg2 c5 26. bxc5
Bxc5 27. h4 Nd7 28. h5 g6 29. hxg6 hxg6 30. Rh1 Bd4 31. Rh7 Bg7 32. Qxd6+ Ne7
33. Rxg7 Kxg7 34. Qxe7+ 1-0

[Event "Howell (US Am N/2/34)"]
[Site "?"]
[Date "1996.??.??"]
[Round "?"]
[White "Pecot, Dave"]
[Black "Sparks, Frazier"]
[Result "0-1"]
[WhiteElo "1605"]
[BlackElo "1875"]
[PlyCount "43"]
[EventDate "1996.??.??"]

{2/(34)} 1. e4 c5 2. f4 d6 3. Bb5+ Nc6 4. Bxc6+ bxc6 5. c4 e6 6. d3 Nf6 7. Nc3
Qc7 8. Nf3 e5 9. fxe5 dxe5 10. O-O h6 11. Qe1 Nh5 12. Be3 Nf4 13. Rd1 Bd6 14.
Na4 Qe7 15. Qf2 Ne6 16. Nd2 O-O 17. Nf3 f5 18. Qg3 f4 19. Qf2 fxe3 20. Qxe3 Nf4
21. Qe1 Rf6 22. Qc3 0-1

[Event "Ann Arbor (Ann Arbor Open, U1400/4)"]
[Site "?"]
[Date "1996.??.??"]
[Round "?"]
[White "Pecot, Dave"]
[Black "Sobh, S."]
[Result "0-1"]
[WhiteElo "1605"]
[BlackElo "1605"]
[PlyCount "50"]
[EventDate "1996.??.??"]

{1400/(4)} 1. e4 e5 2. f4 exf4 3. Nf3 Nc6 4. d4 d5 5. exd5 Qxd5 6. Bxf4 Bg4 7.
Qe2+ Be7 8. Qe3 Nf6 9. Nc3 Qa5 10. Bb5 Nd5 11. Bxc6+ bxc6 12. Qd2 O-O 13. Nxd5
Qxd5 14. O-O Bd6 15. Ne5 Be6 16. c4 Qe4 17. Rae1 Qf5 18. Nxc6 Bxf4 19. Rxf4 Qg5
20. d5 Bd7 21. Nd4 Rad8 22. Qf2 Qg6 23. Nf3 Rfe8 24. Rxe8+ Rxe8 25. Nd4 Qb1+
0-1

[Event "Kalamazoo (MI Am/3/20)"]
[Site "?"]
[Date "1996.??.??"]
[Round "?"]
[White "Pecot, Dave"]
[Black "Scioly, Tony"]
[Result "0-1"]
[WhiteElo "1605"]
[BlackElo "1605"]
[PlyCount "44"]
[EventDate "1996.??.??"]

{3/(20)} 1. e4 c5 2. b4 b6 3. Bc4 Nc6 4. a3 Nf6 5. d3 e6 6. b5 Ne5 7. Ba2 Be7
8. f4 Ng6 9. e5 Nd5 10. Bxd5 exd5 11. Qf3 Rb8 12. Nc3 d4 13. Ne4 Bb7 14. Qe2
O-O 15. Nf3 f5 16. exf6 Bxf6 17. O-O Re8 18. Nxf6+ Qxf6 19. Qf2 Rf8 20. Ng5
Rbe8 21. Bd2 h6 22. Nh3 Nh4 0-1

[Event "Kalamazoo (MI Am/1/13)"]
[Site "?"]
[Date "1996.??.??"]
[Round "?"]
[White "Pecot, Dave"]
[Black "Rotberg, Victor"]
[Result "0-1"]
[WhiteElo "1605"]
[BlackElo "1800"]
[PlyCount "48"]
[EventDate "1996.??.??"]

{1/(13)} 1. e4 e6 2. d4 c5 3. d5 exd5 4. exd5 d6 5. Bb5+ Bd7 6. Qe2+ Be7 7. Bc4
Nf6 8. Bf4 O-O 9. Nf3 b5 10. Bb3 c4 11. Bxc4 bxc4 12. Qxc4 Qb6 13. Nc3 Na6 14.
O-O Rac8 15. Qd3 Nc5 16. Qe2 Rfe8 17. Be3 Qxb2 18. Bd4 Qb7 19. Qd2 Bf5 20. h3
Nxd5 21. Bxg7 Nxc3 22. Bxc3 Ne4 23. Qf4 Bg6 24. Rab1 Nxc3 0-1

[Event "Kalamazoo (MI Am/5/18)"]
[Site "?"]
[Date "1996.??.??"]
[Round "?"]
[White "Pecot, Dave"]
[Black "Oosterbaan, N."]
[Result "1-0"]
[WhiteElo "1605"]
[BlackElo "1605"]
[PlyCount "59"]
[EventDate "1996.??.??"]

{5/(18)} 1. e4 e5 2. f4 exf4 3. Nf3 d6 4. d4 Bg4 5. Bxf4 Nc6 6. c3 g6 7. Bc4
Nf6 8. Nbd2 Bg7 9. h3 Bd7 10. O-O O-O 11. Bg5 Re8 12. Bd5 Qc8 13. Bxc6 bxc6 14.
Bxf6 Bxf6 15. Qe2 Rb8 16. b3 Bg7 17. Qf2 Rb5 18. c4 Rb4 19. Rae1 Re7 20. Re2 g5
21. g4 Bxg4 22. hxg4 Qxg4+ 23. Qg2 Qxg2+ 24. Rxg2 Bh6 25. e5 Bg7 26. Nxg5 dxe5
27. dxe5 Kf8 28. Ndf3 h6 29. Nh7+ Kg8 30. Nf6+ 1-0

[Event "Howell (US Am N/5/37)"]
[Site "?"]
[Date "1996.??.??"]
[Round "?"]
[White "Pecot, Dave"]
[Black "Juntunen, Michael"]
[Result "0-1"]
[WhiteElo "1605"]
[BlackElo "1605"]
[PlyCount "80"]
[EventDate "1996.??.??"]

{5/(37)} 1. e4 e5 2. f4 exf4 3. Nf3 Be7 4. Nc3 Bh4+ 5. Ke2 d6 6. d4 Bg4 7. Bxf4
Bxf3+ 8. gxf3 Nf6 9. Be3 Nc6 10. Rg1 g6 11. Kd2 a6 12. f4 Qe7 13. Bg2 Na5 14.
Qf3 Nc4+ 15. Kc1 Nxe3 16. Qxe3 c6 17. Qh3 Nh5 18. Rf1 O-O 19. Ne2 Rad8 20. c3
Ng7 21. Kc2 f5 22. e5 dxe5 23. fxe5 Ne6 24. Qe3 Bg5 25. Qg3 Nc7 26. Rh1 Nd5 27.
Bxd5+ Rxd5 28. h4 Bh6 29. h5 g5 30. Rag1 Kh8 31. Rf1 Rd7 32. Qd3 f4 33. Rhg1
Rg8 34. Rg4 Qe6 35. Rfg1 Rgg7 36. b3 c5 37. Qe4 Rgf7 38. Nxf4 Rxf4 39. Rxf4
gxf4 40. Qg2 Rg7 0-1

[Event "Kalamazoo (Swiss/4/5)"]
[Site "?"]
[Date "1996.??.??"]
[Round "?"]
[White "Pecot, Dave"]
[Black "Juntunen, Michael"]
[Result "0-1"]
[WhiteElo "1605"]
[BlackElo "1605"]
[PlyCount "54"]
[EventDate "1996.??.??"]

{4/(5)} 1. e4 e5 2. f4 exf4 3. Nf3 Be7 4. Nc3 Bh4+ 5. Ke2 d6 6. d4 Bg4 7. Bxf4
Qf6 8. Be3 Ne7 9. Kd2 Nbc6 10. Nb5 O-O-O 11. c3 a6 12. Na3 Rhe8 13. Be2 Bxf3
14. Bxf3 Na5 15. Rf1 Kb8 16. Qa4 Nac6 17. b4 Bg5 18. b5 Bxe3+ 19. Kxe3 Nd5+ 20.
Kd2 Qf4+ 21. Kc2 Ne3+ 22. Kb2 Na7 23. bxa6 b6 24. Rfe1 Ng4 25. Nb5 Qd2+ 26. Kb3
Ne3 27. Re2 Qd3 0-1

[Event "Kalamazoo (Swiss/2/9)"]
[Site "?"]
[Date "1996.??.??"]
[Round "?"]
[White "Pecot, Dave"]
[Black "Duff, I."]
[Result "1-0"]
[WhiteElo "1605"]
[BlackElo "1605"]
[PlyCount "66"]
[EventDate "1996.??.??"]

{2/(9)} 1. e4 Nc6 2. d4 e5 3. dxe5 Nxe5 4. f4 Nc6 5. Bc4 Nf6 6. e5 d5 7. exf6
dxc4 8. Qe2+ Be6 9. Nf3 Qxf6 10. O-O Bd6 11. Ne5 Nxe5 12. fxe5 Bxe5 13. Rxf6
Bxf6 14. c3 O-O 15. Be3 Rfe8 16. Na3 Be7 17. Nb5 Rec8 18. Nd4 Re8 19. Nxe6 fxe6
20. Rd1 Rf8 21. Qxc4 Rf7 22. Qxe6 Raf8 23. Rf1 b6 24. Rxf7 Rxf7 25. Qc8+ Rf8
26. Qxc7 Re8 27. Qc4+ Kh8 28. Qf7 Rf8 29. Qxe7 Rg8 30. Bd4 a5 31. h4 b5 32. h5
b4 33. h6 bxc3 1-0

[Event "Ann Arbor (Mini-Swiss/2)"]
[Site "?"]
[Date "1996.??.??"]
[Round "?"]
[White "Pecot, Dave"]
[Black "Carter, M."]
[Result "1-0"]
[WhiteElo "1605"]
[BlackElo "1605"]
[PlyCount "87"]
[EventDate "1996.??.??"]

1. e4 c6 2. d4 d5 3. e5 f6 4. f4 Bf5 5. g4 Be4 6. Nf3 e6 7. Be3 Nd7 8. c3 Qc7
9. Be2 O-O-O 10. O-O Nh6 11. Nbd2 f5 12. Nxe4 fxe4 13. Nd2 Be7 14. c4 Bh4 15.
cxd5 exd5 16. Bf2 Bxf2+ 17. Rxf2 Rdf8 18. f5 Nxe5 19. dxe5 Qxe5 20. Nb3 g6 21.
Qc1 Ng8 22. Qc3 Qxc3 23. bxc3 gxf5 24. gxf5 h5 25. Nd4 Nf6 26. h3 Kd7 27. Rb1
Rhg8+ 28. Kh2 h4 29. Rxb7+ Kd6 30. Rxa7 Rg3 31. Ra6 Rxc3 32. Nb5+ Kd7 33. Nxc3
Rh8 34. Bg4 Re8 35. Re2 d4 36. Ra7+ Kd6 37. Nd1 c5 38. Ra6+ Ke7 39. Re6+ Kd7
40. Rxe8 Kxe8 41. Bf3 d3 42. Re3 Kd7 43. Bxe4 c4 44. Bxd3 1-0